Starts with 'AL' from A-Z Quiz Stats

Quiz Updated Apr 28, 2015

Challenge
Share
Tweet
Embed
Score 0/26 Timer 05:00
3 Plays Today
Clue Answer % Correct
What a 'virgin' cocktail lacksalcohol
96.6%
A common greeting in Hawaiialoha
96.2%
Branch of mathematics
involving equations with variables
algebra
96%
A nut-like seed sometimes found in chocolate barsalmond
95%
A large swamp-dwelling reptilealligator
94.9%
Animated Disney classic from 1992Aladdin
94.4%
So soon?already
90.3%
Style of cooking pasta, literally 'to the tooth'al dente
90.1%
Eternallyalways
89.2%
A large-winged ocean birdalbatross
87.9%
A criminal defense based on being in another placealibi
86.8%
A form of dementia
named for a German neuropathologist
Alzheimer's
86.3%
Early British king also known as 'the Great'Alfred
86.2%
Clue Answer % Correct
Metal mined from bauxitealuminum
86.1%
Opposite of acidicalkaline
85.2%
Airport code for Thomas C. Russell Field in AlabamaALX
77.9%
Collection of phonetic symbolsalphabet
77.8%
Auto part that charges the batteryalternator
75.1%
Pupil of Aristotle known as 'the Great'Alexander
72.9%
Islamist group founded by Osama bin LadenAl-Qaeda
72.3%
International news network based in QatarAl Jazeera
64.4%
Thomas Edison's middle nameAlva
63.3%
French province on the upper Rhine,
historically paired with Lorraine
Alsace
52.9%
Palace complex and tourist attraction
in Granada, Spain
Alhambra
52.4%
Historic town and castle in NorthumberlandAlnwick
13%
One of the Brothers Karamazov (nickname)Alyosha
8.8%

You're not logged in!

Compare scores with friends on all Sporcle quizzes.
Sign Up with Email
OR
Log In

You Might Also Like...

Show Comments

Extras

Top Quizzes Today


Score Distribution

Your Account Isn't Verified!

In order to create a playlist on Sporcle, you need to verify the email address you used during registration. Go to your Sporcle Settings to finish the process.